| 000 | 00808nam0a22002531 4500 | ||
|---|---|---|---|
| 001 | rc\2622893 | ||
| 005 | 20250623142746.0 | ||
| 035 | _a(NLR Aleph) 006786545 | ||
| 090 |
_a6099370 _c6099370 |
||
| 100 | _a20110914d1931 |||y0rusy50 ca | ||
| 101 | 0 | _arus | |
| 102 | _aRU | ||
| 105 | _aa z ||||| | ||
| 200 | 1 |
_aБорьба за качество _eОпыт парторг-ции завода "Электроприбор" _fН. Котляр |
|
| 210 |
_aЛенинград _cОгиз - Прибой _d1931 _gтип. Печатный двор |
||
| 215 |
_a34, [2] с. _cил. _d17х13 см. |
||
| 300 | _aОбложка: Ю. Слепян | ||
| 700 | 1 |
_aКотляр _bН. |
|
| 801 | 0 |
_aRU _bNLR _gpsbo |
|
| 801 | 1 |
_aRU _bELAR _2rusmarc |
|
| 852 |
_aNLR _j32-8/1270 |
||
| 942 | _cBOOK | ||
| 980 | _aNB | ||